00229nam a2200109Ia 4500100001800000366000700018245003600025260001800061082001500079300000800094546001700102 aBerkun/Scott  f20 aConfessions of a Public Speaker bOreillyc2009 a808.3bBER a222 aENGLISHcTTL